000 00654nam a2200217Ii 4500
003 JO-AjNU
008 230605s9999||||xx |||||||||||||| ||und||
017 _a1996/6/708
040 _aJO-AjNU
_bara
_erda
_cJO-AjNU
041 _aara
050 1 4 _aTT145.J82 1996
100 3 _aجودي، محمد حسين ,
_eauthor
_919876
245 0 0 _aفنون واشغال المعادن
250 _aط1
264 3 1 _aعمان:دار المسيرة، 1996
300 _a100ص
336 _atext
_btxt
_2rdacontent
337 _aunmediated
_bn
_2rdamedia
338 _avolume
_bnc
_2rdacarrier
650 4 _aالفنون-الاشغال المعدنية
_919877
999 _aA6636
_c10204
_d10204